000 00404nam a2200133Ia 4500
008 220217s9999||||xx |||||||||||||| ||und||
020 _a81-7366-253-3
082 _a004.165 REE
100 _aReese, Robert, B
_95891
245 0 _aMicroprocessors from assembley language to C using the PIC18
260 _aShroff publishers and dist.Pvt.
_bMumbai
_c2005
300 _b400
650 _aMICROPROCESSOR
999 _c177092
_d177092